[Event "17. Obert Int. Sant Marti 2015"]
[Site "Barcelona ESP"]
[Date "2015.07.17"]
[Round "5.51"]
[White "Becerra, Juan David"]
[Black "Jocher, Georg"]
[Result "1-0"]
[WhiteElo "2178"]
[BlackElo "1931"]
[PlyCount "117"]
[EventDate "2015.07.13"]
[EventType "swiss"]
[EventRounds "9"]
[EventCountry "ESP"]
[SourceTitle "Ajedrez en Madrid"]
[Source "lmi"]
[SourceDate "2013.07.13"]
[SourceVersion "1"]
[SourceVersionDate "2019.06.24"]
[SourceQuality "1"]

1. e4 c5 2. Nc3 d6 3. f4 Nc6 4. Nf3 g6 5. Bc4 Bg7 6. O-O Nf6 7. d3 O-O 8. a3
Bg4 9. h3 Bxf3 10. Qxf3 Nd4 11. Qf2 e6 12. Ba2 a6 13. Nd1 Nc6 14. f5 d5 15. Qh4
exf5 16. exf5 Nd4 17. fxg6 fxg6 18. Ne3 Kh8 19. Bd2 Ne2+ 20. Kh1 Nh5 21. Rxf8+
Qxf8 22. Nf1 Be5 23. Bxd5 Nhg3+ 24. Nxg3 Nxg3+ 25. Qxg3 Bxg3 26. Bc3+ Qg7 27.
Bxg7+ Kxg7 28. Rf1 Rf8 29. Rxf8 Kxf8 30. Bxb7 a5 31. c3 Bf4 32. a4 h5 33. Kg1
Bc1 34. b4 cxb4 35. cxb4 Be3+ 36. Kf1 axb4 37. Bd5 Bb6 38. Ke2 Ke7 39. Kf3 Kd6
40. Ke4 h4 41. d4 g5 42. Bb3 Ba5 43. Kf5 Bd8 44. Bc4 Kc6 45. Ke6 Bc7 46. Bb3
Bb6 47. d5+ Kc7 48. d6+ Kd8 49. Kd5 Bf2 50. Kc6 Be3 51. a5 Bf2 52. a6 Be3 53.
Be6 Ba7 54. Kb7 Bc5 55. a7 Bxa7 56. Kxa7 b3 57. Bxb3 Kd7 58. Bd5 Kxd6 59. Bf3
1-0

[Event "17. Obert Int. Sant Marti 2015"]
[Site "Barcelona ESP"]
[Date "2015.07.17"]
[Round "5.52"]
[White "De Azua Arpi, Rafael"]
[Black "Mateus, Martha"]
[Result "0-1"]
[WhiteElo "1916"]
[BlackElo "2172"]
[PlyCount "74"]
[EventDate "2015.07.13"]
[EventType "swiss"]
[EventRounds "9"]
[EventCountry "ESP"]
[SourceTitle "Ajedrez en Madrid"]
[Source "lmi"]
[SourceDate "2013.07.13"]
[SourceVersion "1"]
[SourceVersionDate "2019.06.24"]
[SourceQuality "1"]

1. d4 d5 2. c4 e6 3. Nf3 Nf6 4. Nc3 c5 5. g3 Nc6 6. cxd5 exd5 7. Bg2 Be7 8. O-O
h6 9. a3 cxd4 10. Nxd4 O-O 11. h3 Be6 12. Qd3 Rc8 13. Nxe6 fxe6 14. Bxh6 d4 15.
Qg6 Rf7 16. Ne4 Ne5 17. Nxf6+ Bxf6 18. Qe4 gxh6 19. Rfd1 Qb6 20. Kh2 Bg7 21. f4
Nc4 22. Rac1 Rfc7 23. b4 Ne3 24. Rxc7 Rxc7 25. Rd3 Nxg2 26. Qxg2 Rc3 27. Qe4
Qc6 28. Qg6 e5 29. Qf5 e4 30. Rd1 Re3 31. Rd2 d3 32. b5 Qc4 33. Qg6 Rxe2+ 34.
Rxe2 dxe2 35. f5 e1=Q 36. Qe8+ Bf8 37. Qg6+ Kh8 0-1

[Event "17. Obert Int. Sant Marti 2015"]
[Site "Barcelona ESP"]
[Date "2015.07.17"]
[Round "5.53"]
[White "Barragan Hernandez, Manel"]
[Black "Havik, Victor"]
[Result "1-0"]
[WhiteElo "1767"]
[BlackElo "2139"]
[PlyCount "105"]
[EventDate "2015.07.13"]
[EventType "swiss"]
[EventRounds "9"]
[EventCountry "ESP"]
[SourceTitle "Ajedrez en Madrid"]
[Source "lmi"]
[SourceDate "2013.07.13"]
[SourceVersion "1"]
[SourceVersionDate "2019.06.24"]
[SourceQuality "1"]

1. e4 e5 2. Nf3 Nc6 3. Bb5 a6 4. Ba4 Nf6 5. O-O Be7 6. d3 b5 7. Bb3 d6 8. a3
O-O 9. Nc3 Bg4 10. Be3 Na5 11. Ba2 c5 12. Nd5 Nc6 13. c3 Be6 14. Ng5 Bxd5 15.
exd5 Nb8 16. f4 Nbd7 17. Ne4 Nxe4 18. dxe4 exf4 19. Bxf4 c4 20. Qf3 Bf6 21. Bb1
a5 22. Bc2 Be5 23. Be3 Qh4 24. g3 Qe7 25. Qe2 Rfc8 26. Rf3 h6 27. Raf1 Bf6 28.
Qf2 Rf8 29. Bxh6 gxh6 30. Rxf6 Qxf6 31. Qxf6 Nxf6 32. Rxf6 Rfd8 33. Rxh6 b4 34.
Kf2 bxa3 35. bxa3 Kg7 36. Rh4 Rdb8 37. Ke3 Rb2 38. Bd1 a4 39. Rg4+ Kf6 40. Rf4+
Ke7 41. h4 Ra2 42. e5 dxe5 43. Rxc4 Rxa3 44. Bf3 Rg8 45. g4 Ra1 46. Rc7+ Kd6
47. Rc6+ Kd7 48. g5 a3 49. Bg4+ Ke7 50. d6+ Kf8 51. Rc8+ Kg7 52. Rxg8+ Kxg8 53.
d7 1-0

[Event "17. Obert Int. Sant Marti 2015"]
[Site "Barcelona ESP"]
[Date "2015.07.17"]
[Round "5.54"]
[White "Leriche, Luc"]
[Black "Serefidou, Despina"]
[Result "1/2-1/2"]
[WhiteElo "2132"]
[BlackElo "1923"]
[PlyCount "51"]
[EventDate "2015.07.13"]
[EventType "swiss"]
[EventRounds "9"]
[EventCountry "ESP"]
[SourceTitle "Ajedrez en Madrid"]
[Source "lmi"]
[SourceDate "2013.07.13"]
[SourceVersion "1"]
[SourceVersionDate "2019.06.24"]
[SourceQuality "1"]

1. d4 Nf6 2. Bf4 e6 3. e3 c5 4. c3 cxd4 5. exd4 d5 6. Nd2 Bd6 7. Bg3 O-O 8. Bd3
b6 9. Qe2 a5 10. a4 Ba6 11. Bb5 Bxb5 12. axb5 Qc7 13. Ngf3 Nbd7 14. Ra4 Rfe8
15. Ne5 Nf8 16. f4 Ng6 17. O-O Nd7 18. Qd3 Ne7 19. b3 f6 20. Nxd7 Qxd7 21. c4
Nf5 22. Raa1 Bb4 23. Bf2 Nd6 24. Nf3 Rac8 25. Rfc1 Rc7 26. cxd5 1/2-1/2

[Event "17. Obert Int. Sant Marti 2015"]
[Site "Barcelona ESP"]
[Date "2015.07.17"]
[Round "5.56"]
[White "Kunal, Kakumanu Prasad"]
[Black "Garnier, Teddy"]
[Result "0-1"]
[WhiteElo "1713"]
[BlackElo "2055"]
[PlyCount "84"]
[EventDate "2015.07.13"]
[EventType "swiss"]
[EventRounds "9"]
[EventCountry "ESP"]
[SourceTitle "Ajedrez en Madrid"]
[Source "lmi"]
[SourceDate "2013.07.13"]
[SourceVersion "1"]
[SourceVersionDate "2019.06.24"]
[SourceQuality "1"]

1. c4 e5 2. Nc3 Nf6 3. g3 Nc6 4. Bg2 Bc5 5. Nf3 d6 6. O-O O-O 7. a3 a6 8. b4
Ba7 9. Rb1 Ne7 10. d3 h6 11. Be3 Bxe3 12. fxe3 Ng6 13. d4 c6 14. Qc2 Qe7 15.
Nd2 exd4 16. exd4 Qe3+ 17. Kh1 Qxd4 18. Rbd1 Qe5 19. Nde4 Nxe4 20. Nxe4 Bf5 21.
Nf6+ Qxf6 22. Rxf5 Qe6 23. Rdf1 Rae8 24. R1f2 Ne5 25. R2f4 f6 26. Bh3 b5 27.
Re4 Qf7 28. cxb5 axb5 29. a4 bxa4 30. Qxa4 Qd5 31. Bg2 Qd2 32. Qb3+ Kh8 33. Rf1
d5 34. Re3 Nc4 35. Rxe8 Rxe8 36. Bf3 Rb8 37. Rb1 Ne5 38. Rb2 Qd4 39. Rb1 Qf2
40. Rc1 Qd4 41. Rb1 Nc4 42. Rd1 Qb6 0-1

[Event "17. Obert Int. Sant Marti 2015"]
[Site "Barcelona ESP"]
[Date "2015.07.17"]
[Round "5.57"]
[White "Heinrici, Simon"]
[Black "Niklesh, Kumar Jain"]
[Result "1/2-1/2"]
[WhiteElo "2046"]
[BlackElo "1904"]
[PlyCount "69"]
[EventDate "2015.07.13"]
[EventType "swiss"]
[EventRounds "9"]
[EventCountry "ESP"]
[SourceTitle "Ajedrez en Madrid"]
[Source "lmi"]
[SourceDate "2013.07.13"]
[SourceVersion "1"]
[SourceVersionDate "2019.06.24"]
[SourceQuality "1"]

1. e4 c5 2. Nf3 Nc6 3. d4 cxd4 4. Nxd4 g6 5. Nc3 Bg7 6. Be3 Nf6 7. Bc4 O-O 8.
Bb3 d5 9. exd5 Na5 10. O-O Nxb3 11. Nxb3 b6 12. Re1 Bb7 13. Bg5 Re8 14. Qd2
Nxd5 15. Nxd5 Qxd5 16. Qxd5 Bxd5 17. c3 e5 18. Red1 Be6 19. f3 Rac8 20. Rd2 h6
21. Be3 Rcd8 22. Rad1 Rxd2 23. Rxd2 Bf8 24. Nc1 Kg7 25. a3 Bc8 26. Nd3 e4 27.
Bd4+ f6 28. fxe4 Rxe4 29. Kf2 Bd6 30. g3 Bc7 31. Nb4 Bb7 32. Be3 Re7 33. Nd5
Bxd5 34. Rxd5 h5 35. Rd4 1/2-1/2

[Event "17. Obert Int. Sant Marti 2015"]
[Site "Barcelona ESP"]
[Date "2015.07.17"]
[Round "5.58"]
[White "Brilej, Jaka"]
[Black "Marchador Villalba, Jordi"]
[Result "0-1"]
[WhiteElo "1639"]
[BlackElo "2026"]
[PlyCount "62"]
[EventDate "2015.07.13"]
[EventType "swiss"]
[EventRounds "9"]
[EventCountry "ESP"]
[SourceTitle "Ajedrez en Madrid"]
[Source "lmi"]
[SourceDate "2013.07.13"]
[SourceVersion "1"]
[SourceVersionDate "2019.06.24"]
[SourceQuality "1"]

1. e4 Nf6 2. e5 Nd5 3. d4 d6 4. c4 Nb6 5. exd6 cxd6 6. Nc3 g6 7. Be3 Bg7 8. Rc1
O-O 9. b3 N6d7 10. Bd3 e5 11. d5 f5 12. f4 Re8 13. Nge2 Nf6 14. h3 exf4 15.
Bxf4 Nh5 16. O-O Nxf4 17. Nxf4 Na6 18. Qf3 Nc5 19. b4 Nxd3 20. Nxd3 Bd4+ 21.
Kh1 Re3 22. Qd1 Qh4 23. Rf3 Bd7 24. Rxe3 Bxe3 25. Rc2 Qxc4 26. Nb2 Qxb4 27. Qd3
f4 28. Qc4 Qxc4 29. Nxc4 Bf5 30. Nxe3 Bxc2 31. Nxc2 Rc8 0-1

[Event "17. Obert Int. Sant Marti 2015"]
[Site "Barcelona ESP"]
[Date "2015.07.17"]
[Round "5.59"]
[White "Thejkumar, M. S.."]
[Black "Feldman, Antony"]
[Result "1-0"]
[WhiteElo "2467"]
[BlackElo "1950"]
[PlyCount "55"]
[EventDate "2015.07.13"]
[EventType "swiss"]
[EventRounds "9"]
[EventCountry "ESP"]
[SourceTitle "Ajedrez en Madrid"]
[Source "lmi"]
[SourceDate "2013.07.13"]
[SourceVersion "1"]
[SourceVersionDate "2019.06.24"]
[SourceQuality "1"]

1. d4 f5 2. c4 Nf6 3. Nc3 e6 4. Nf3 b6 5. g3 Bb7 6. Bg2 Bb4 7. Bd2 O-O 8. O-O
Be7 9. d5 Na6 10. Nd4 Nc5 11. Qc2 a5 12. Rad1 Qc8 13. Bf4 Nh5 14. Bc1 Nf6 15.
b3 Re8 16. Ndb5 Bf8 17. Bf4 e5 18. Bg5 d6 19. Bxf6 gxf6 20. Bh3 e4 21. Nd4 Re5
22. f4 exf3 23. exf3 Qe8 24. Bxf5 Qe7 25. f4 Re3 26. Qd2 Bc8 27. Bxc8 Rxc8 28.
Nf5 1-0

[Event "17. Obert Int. Sant Marti 2015"]
[Site "Barcelona ESP"]
[Date "2015.07.17"]
[Round "5.60"]
[White "Egorova, Ayyyna"]
[Black "Busquets, Luis"]
[Result "0-1"]
[WhiteElo "1901"]
[BlackElo "2189"]
[PlyCount "60"]
[EventDate "2015.07.13"]
[EventType "swiss"]
[EventRounds "9"]
[EventCountry "ESP"]
[SourceTitle "Ajedrez en Madrid"]
[Source "lmi"]
[SourceDate "2013.07.13"]
[SourceVersion "1"]
[SourceVersionDate "2019.06.24"]
[SourceQuality "1"]

1. d4 Nf6 2. c4 g6 3. Nc3 Bg7 4. e4 O-O 5. Nf3 d6 6. Be2 e5 7. O-O Nc6 8. d5
Ne7 9. Ne1 Nd7 10. Be3 f5 11. f3 f4 12. Bf2 g5 13. Rc1 Ng6 14. b4 Rf7 15. c5
Bf8 16. cxd6 cxd6 17. Nb5 Nf6 18. Nxa7 Bd7 19. Bb5 g4 20. Bxd7 Qxd7 21. Qe2 g3
22. hxg3 fxg3 23. Be3 Nh5 24. Nd3 Qe7 25. Nb5 Qh4 26. Rfd1 Nhf4 27. Qc2 Qh2+
28. Kf1 Qh1+ 29. Bg1 Nh3 30. Ke2 Rxa2 0-1

[Event "17. Obert Int. Sant Marti 2015"]
[Site "Barcelona ESP"]
[Date "2015.07.17"]
[Round "5.61"]
[White "Arroyo Mateo, Jose Miguel"]
[Black "Molano Lafuente, Ismael"]
[Result "0-1"]
[WhiteElo "1937"]
[BlackElo "2112"]
[PlyCount "74"]
[EventDate "2015.07.13"]
[EventType "swiss"]
[EventRounds "9"]
[EventCountry "ESP"]
[SourceTitle "Ajedrez en Madrid"]
[Source "lmi"]
[SourceDate "2013.07.13"]
[SourceVersion "1"]
[SourceVersionDate "2019.06.24"]
[SourceQuality "1"]

1. e4 e5 2. Nf3 f5 3. Nxe5 Qf6 4. d4 d6 5. Nc4 fxe4 6. Nc3 Qg6 7. f3 exf3 8.
Qxf3 Nf6 9. Bd3 Qg4 10. Qxg4 Bxg4 11. Ne3 Bd7 12. Ned5 Nxd5 13. Nxd5 Kd8 14.
Bg5+ Kc8 15. O-O c6 16. Ne7+ Kc7 17. Rf7 Na6 18. Bf5 Be8 19. Nd5+ Kb8 20. Rxf8
Rxf8 21. Be7 Rxf5 22. Bxd6+ Kc8 23. Ne7+ Kd7 24. Nxf5 Bg6 25. Rf1 Bxf5 26. Rxf5
Kxd6 27. Rf7 Re8 28. Rxg7 Re7 29. Rg8 Nb4 30. g4 Nxc2 31. g5 Nxd4 32. g6 hxg6
33. Rxg6+ Kc5 34. Rg5+ Kb6 35. Kg2 Re2+ 36. Kg3 Rxb2 37. h4 Rxa2 0-1

[Event "17. Obert Int. Sant Marti 2015"]
[Site "Barcelona ESP"]
[Date "2015.07.17"]
[Round "5.62"]
[White "Perez Ruiz, Santiago"]
[Black "Guix Torres, David"]
[Result "1/2-1/2"]
[WhiteElo "1885"]
[BlackElo "2036"]
[PlyCount "57"]
[EventDate "2015.07.13"]
[EventType "swiss"]
[EventRounds "9"]
[EventCountry "ESP"]
[SourceTitle "Ajedrez en Madrid"]
[Source "lmi"]
[SourceDate "2013.07.13"]
[SourceVersion "1"]
[SourceVersionDate "2019.06.24"]
[SourceQuality "1"]

1. d4 Nf6 2. c4 c5 3. d5 b5 4. cxb5 a6 5. bxa6 g6 6. Nc3 Bxa6 7. e4 Bxf1 8.
Kxf1 d6 9. g3 Bg7 10. Kg2 O-O 11. h4 h5 12. Bg5 Nbd7 13. Qd2 Qa5 14. Nf3 Rfb8
15. Rhe1 Nb6 16. Qe2 Qa6 17. Rac1 Na4 18. Rc2 Rb4 19. Qxa6 Rxa6 20. e5 dxe5 21.
Rxe5 Rxb2 22. Rxb2 Nxb2 23. Rxe7 Nd3 24. a4 Nb4 25. Be3 Bf8 26. Rc7 Nbxd5 27.
Rc8 Nxc3 28. Bxc5 Nd7 29. Bxf8 1/2-1/2

[Event "17. Obert Int. Sant Marti 2015"]
[Site "Barcelona ESP"]
[Date "2015.07.17"]
[Round "5.63"]
[White "Costa Trave, Jaume"]
[Black "Saiz Rodrigo, Fernando"]
[Result "1/2-1/2"]
[WhiteElo "2022"]
[BlackElo "1937"]
[PlyCount "158"]
[EventDate "2015.07.13"]
[EventType "swiss"]
[EventRounds "9"]
[EventCountry "ESP"]
[SourceTitle "Ajedrez en Madrid"]
[Source "lmi"]
[SourceDate "2013.07.13"]
[SourceVersion "1"]
[SourceVersionDate "2019.06.24"]
[SourceQuality "1"]

1. d4 Nf6 2. Nc3 d6 3. Bf4 c6 4. e3 Qa5 5. Bd3 e5 6. Bg3 Be7 7. a3 Nbd7 8. Nge2
O-O 9. O-O Nh5 10. b4 Qc7 11. dxe5 dxe5 12. Ne4 f5 13. N2c3 Nxg3 14. Nxg3 Nb6
15. e4 f4 16. Nf5 Bf6 17. a4 Bxf5 18. exf5 e4 19. Nxe4 Bxa1 20. Qxa1 Rxf5 21.
f3 Qe5 22. Qa2+ Qd5 23. Qa3 Qd4+ 24. Kh1 Nd5 25. b5 Nb4 26. Qb3+ Kh8 27. bxc6
bxc6 28. Bc4 Nd5 29. Qb7 Rff8 30. Bb3 Qb6 31. Qd7 Rad8 32. Qh3 Qa6 33. Rg1 Qc8
34. Qh4 Qf5 35. c4 Nf6 36. Bc2 Nxe4 37. Bxe4 g5 38. Qh5 Qf7 39. Qxg5 Rg8 40.
Qe5+ Qg7 41. Qxg7+ Rxg7 42. Bxc6 Rd2 43. Bd5 a5 44. Re1 Re7 45. Be4 Ra2 46. g3
fxg3 47. hxg3 Rxa4 48. c5 Rc4 49. Rb1 Rxc5 50. Rb8+ Kg7 51. Ra8 Kf6 52. Kg2 Rd7
53. Kh3 Ke5 54. g4 Kd4 55. Kh4 Ke3 56. Re8 Kf4 57. Rf8+ Ke3 58. Re8 Kd4 59. Ra8
Kc3 60. Bf5 Re7 61. Kg5 Kb4 62. Kf6 Rcc7 63. Be6 Ra7 64. Rd8 Rec7 65. Rd2 Kc3
66. Ra2 a4 67. f4 a3 68. f5 Rcb7 69. g5 Rb2 70. Ke5 Rxa2 71. Bxa2 Kb2 72. Bc4
Kc3 73. Be6 Re7 74. Kd6 Rxe6+ 75. fxe6 a2 76. e7 a1=Q 77. e8=Q Qd1+ 78. Kc7 Qd3
79. Qe7 Qc4+ 1/2-1/2

[Event "17. Obert Int. Sant Marti 2015"]
[Site "Barcelona ESP"]
[Date "2015.07.17"]
[Round "5.65"]
[White "Moreno Perez, Norberto"]
[Black "Severri Arrese, Carlos"]
[Result "1-0"]
[WhiteElo "1853"]
[BlackElo "1983"]
[PlyCount "55"]
[EventDate "2015.07.13"]
[EventType "swiss"]
[EventRounds "9"]
[EventCountry "ESP"]
[SourceTitle "Ajedrez en Madrid"]
[Source "lmi"]
[SourceDate "2013.07.13"]
[SourceVersion "1"]
[SourceVersionDate "2019.06.24"]
[SourceQuality "1"]

1. e4 e6 2. Nf3 c5 3. d4 cxd4 4. Nxd4 a6 5. Bd3 Qc7 6. O-O b6 7. Nc3 Bb7 8.
Nde2 d6 9. Ng3 h5 10. Nxh5 Nd7 11. a4 Ngf6 12. Ng3 d5 13. exd5 Nxd5 14. Nxd5
Bxd5 15. Re1 Nc5 16. Be2 Rd8 17. Bf3 Ne4 18. Qe2 Nxg3 19. fxg3 Bxf3 20. gxf3
Bc5+ 21. Kg2 a5 22. c3 Rd5 23. Bf4 Qd7 24. Rad1 Rhh5 25. c4 Rd4 26. Rxd4 Qxd4
27. Rd1 Qf6 28. Qe4 1-0

[Event "17. Obert Int. Sant Marti 2015"]
[Site "Barcelona ESP"]
[Date "2015.07.17"]
[Round "5.66"]
[White "Minguell Soler, Joan"]
[Black "Dahale, Atul"]
[Result "0-1"]
[WhiteElo "1836"]
[BlackElo "1969"]
[PlyCount "116"]
[EventDate "2015.07.13"]
[EventType "swiss"]
[EventRounds "9"]
[EventCountry "ESP"]
[SourceTitle "Ajedrez en Madrid"]
[Source "lmi"]
[SourceDate "2013.07.13"]
[SourceVersion "1"]
[SourceVersionDate "2019.06.24"]
[SourceQuality "1"]

1. d4 Nf6 2. c4 e6 3. Nc3 Bb4 4. Qc2 O-O 5. Nf3 d6 6. Bd2 Nbd7 7. a3 Bxc3 8.
Bxc3 Qe7 9. e3 e5 10. dxe5 dxe5 11. Be2 e4 12. Nd4 c5 13. Nf5 Qe6 14. Ng3 b6
15. b3 Bb7 16. Qb2 Rfe8 17. O-O Ne5 18. Bxe5 Qxe5 19. Qxe5 Rxe5 20. Rfd1 g6 21.
Rd6 Ne8 22. Rd2 Kf8 23. Rad1 Bc6 24. Bf1 Ke7 25. Ne2 Re6 26. Nc3 Rd6 27. Nb5
Rxd2 28. Rxd2 a6 29. Nc3 Rd8 30. Rxd8 Kxd8 31. Be2 Nd6 32. Kf1 Ke7 33. Ke1 f5
34. g4 Kf6 35. gxf5 gxf5 36. b4 Ke5 37. Kd2 a5 38. bxc5 bxc5 39. Nb5 Nc8 40.
Kc3 Nb6 41. Kb3 f4 42. exf4+ Kxf4 43. Nc7 Ke5 44. Kc3 Kd6 45. Nb5+ Ke5 46. h4
h6 47. Bg4 Bxb5 48. cxb5 Kd5 49. Bh5 c4 50. Be8 Na4+ 51. Kc2 Kd4 52. Bc6 Nb6
53. Bb7 c3 54. Bc6 Nc4 55. a4 Nb6 56. Bxe4 Kxe4 57. Kxc3 Nxa4+ 58. Kc4 Kf3 0-1

[Event "17. Obert Int. Sant Marti 2015"]
[Site "Barcelona ESP"]
[Date "2015.07.17"]
[Round "5.67"]
[White "Rodriguez, Sofia"]
[Black "Alfara Ayllon, Jose Luis"]
[Result "1-0"]
[WhiteElo "1783"]
[BlackElo "1964"]
[PlyCount "41"]
[EventDate "2015.07.13"]
[EventType "swiss"]
[EventRounds "9"]
[EventCountry "ESP"]
[SourceTitle "Ajedrez en Madrid"]
[Source "lmi"]
[SourceDate "2013.07.13"]
[SourceVersion "1"]
[SourceVersionDate "2019.06.24"]
[SourceQuality "1"]

1. e4 c5 2. Nf3 d6 3. d4 cxd4 4. Nxd4 Nf6 5. Nc3 a6 6. f4 Nc6 7. Nf3 Bg4 8. h3
Bxf3 9. Qxf3 Nb4 10. Bd3 e5 11. Bd2 Rc8 12. O-O Qc7 13. Kh1 h5 14. Nb5 axb5 15.
Bxb4 Qb6 16. fxe5 dxe5 17. Qf5 Qe6 18. Bxb5+ Kd8 19. Ba5+ Ke7 20. Rad1 Qxf5 21.
Bb4+ 1-0

[Event "17. Obert Int. Sant Marti 2015"]
[Site "Barcelona ESP"]
[Date "2015.07.17"]
[Round "5.68"]
[White "Boixader Arbo, Xavier"]
[Black "Cervello I Tost, Roger"]
[Result "1/2-1/2"]
[WhiteElo "1755"]
[BlackElo "1960"]
[PlyCount "149"]
[EventDate "2015.07.13"]
[EventType "swiss"]
[EventRounds "9"]
[EventCountry "ESP"]
[SourceTitle "Ajedrez en Madrid"]
[Source "lmi"]
[SourceDate "2013.07.13"]
[SourceVersion "1"]
[SourceVersionDate "2019.06.24"]
[SourceQuality "1"]

1. e4 e5 2. Nf3 Nc6 3. d4 exd4 4. Nxd4 Nf6 5. Nc3 Bb4 6. Nxc6 bxc6 7. Bd3 d5 8.
exd5 cxd5 9. O-O O-O 10. Bg5 c6 11. Qf3 Be7 12. Rae1 Rb8 13. b3 Bb4 14. Bd2 Qa5
15. a3 Bxa3 16. Ra1 Qc5 17. Na4 Qe7 18. Rfe1 Be6 19. Bg5 Bb4 20. c3 Bd6 21. b4
h6 22. Bf4 Rfe8 23. Nc5 Ra8 24. h3 Bxc5 25. bxc5 a5 26. Bd6 Qd7 27. Be5 Qd8 28.
Qf4 Nh5 29. Qf3 Qg5 30. Bc7 g6 31. Re5 Bf5 32. Rxe8+ Rxe8 33. Bxf5 gxf5 34.
Rxa5 Nf6 35. Bf4 Qg6 36. Ra6 Re1+ 37. Kh2 Ng4+ 38. hxg4 fxg4 39. Qe3 Rxe3 40.
Bxe3 g3+ 41. fxg3 Qe6 42. Bd4 f6 43. Ra7 h5 44. Ra1 Kg7 45. Rf1 Kg6 46. Kg1 f5
47. Kf2 Kg5 48. Re1 Qf7 49. Re3 f4 50. Rf3 fxg3+ 51. Kxg3 Qc7+ 52. Kf2 h4 53.
Ke3 Kg4 54. Kf2 Qb8 55. Rf6 Qg3+ 56. Kg1 Kg5 57. Rf3 Qe1+ 58. Rf1 Qe4 59. Rf3
Kg4 60. Rf2 Kg3 61. Rf3+ Kg4 62. Rf2 Kg5 63. Bf6+ Kh5 64. Bd4 Kg4 65. Rf3 Qe2
66. Rf2 Qe7 67. Rf3 Kg5 68. Rf2 Qe1+ 69. Rf1 Qg3 70. Rf3 Qg4 71. Bf6+ Kh5 72.
Bd4 Kg6 73. Rf6+ Kh7 74. Rf7+ Kg8 75. Rf3 1/2-1/2

[Event "17. Obert Int. Sant Marti 2015"]
[Site "Barcelona ESP"]
[Date "2015.07.17"]
[Round "5.69"]
[White "Minko, Dmitry"]
[Black "Bernat, Ernest"]
[Result "0-1"]
[WhiteElo "1672"]
[BlackElo "1943"]
[PlyCount "64"]
[EventDate "2015.07.13"]
[EventType "swiss"]
[EventRounds "9"]
[EventCountry "ESP"]
[SourceTitle "Ajedrez en Madrid"]
[Source "lmi"]
[SourceDate "2013.07.13"]
[SourceVersion "1"]
[SourceVersionDate "2019.06.24"]
[SourceQuality "1"]

1. e4 c5 2. Nf3 Nc6 3. d4 cxd4 4. Nxd4 Nf6 5. Nc3 d6 6. f3 e6 7. Be3 a6 8. Qd2
Be7 9. O-O-O Qc7 10. g4 O-O 11. h4 b5 12. h5 b4 13. Nce2 a5 14. Kb1 Ne5 15. Nc1
Ba6 16. g5 Nfd7 17. Bxa6 Rxa6 18. b3 a4 19. Qxb4 axb3 20. cxb3 Rb8 21. Qd2 Nc4
22. Qe2 Na3+ 23. Kb2 Nc5 24. Ka1 e5 25. Nf5 Nxb3+ 26. Nxb3 Qc3+ 27. Qb2 Nc2+
28. Kb1 Rxb3 29. Nxe7+ Kf8 30. axb3 Na3+ 31. Qxa3 Rxa3 32. Ng6+ fxg6 0-1

[Event "17. Obert Int. Sant Marti 2015"]
[Site "Barcelona ESP"]
[Date "2015.07.17"]
[Round "5.70"]
[White "Scheffknecht, Philipp"]
[Black "Riu Lopez, Daniel"]
[Result "1-0"]
[WhiteElo "2121"]
[BlackElo "1839"]
[PlyCount "55"]
[EventDate "2015.07.13"]
[EventType "swiss"]
[EventRounds "9"]
[EventCountry "ESP"]
[SourceTitle "Ajedrez en Madrid"]
[Source "lmi"]
[SourceDate "2013.07.13"]
[SourceVersion "1"]
[SourceVersionDate "2019.06.24"]
[SourceQuality "1"]

1. d4 Nf6 2. c4 e6 3. Nf3 Bb4+ 4. Bd2 a5 5. Qc2 d5 6. a3 Bxd2+ 7. Nbxd2 O-O 8.
e4 dxe4 9. Nxe4 Nc6 10. O-O-O a4 11. Kb1 Nxe4 12. Qxe4 Qf6 13. Bd3 g6 14. g4
Rd8 15. g5 Qg7 16. Bc2 Bd7 17. h4 Na5 18. Ne5 Nxc4 19. Nxc4 Bc6 20. Qe2 Bxh1
21. Rxh1 Qxd4 22. h5 b5 23. hxg6 hxg6 24. Ne5 Qd2 25. Qf3 f5 26. Qh3 Kf8 27.
Qh7 Rd7 28. Nxg6+ 1-0

[Event "17. Obert Int. Sant Marti 2015"]
[Site "Barcelona ESP"]
[Date "2015.07.17"]
[Round "5.71"]
[White "Anker, Christin"]
[Black "Ruiz Molina, Gabriel"]
[Result "1-0"]
[WhiteElo "1849"]
[BlackElo "1916"]
[PlyCount "77"]
[EventDate "2015.07.13"]
[EventType "swiss"]
[EventRounds "9"]
[EventCountry "ESP"]
[SourceTitle "Ajedrez en Madrid"]
[Source "lmi"]
[SourceDate "2013.07.13"]
[SourceVersion "1"]
[SourceVersionDate "2019.06.24"]
[SourceQuality "1"]

1. e4 e6 2. d4 d5 3. Nc3 Nf6 4. e5 Nfd7 5. Nf3 c5 6. dxc5 Nc6 7. Bf4 Bxc5 8.
Bd3 Qb6 9. O-O a6 10. a3 Qc7 11. Re1 b5 12. Qd2 Ne7 13. b4 Bb6 14. Bxb5 O-O 15.
Bd3 Ng6 16. Bg3 Bb7 17. Na4 Ba7 18. h4 d4 19. Bxg6 hxg6 20. Nb2 Bxf3 21. gxf3
Rfc8 22. Rac1 Qb7 23. c4 Qxf3 24. c5 Rd8 25. Nc4 a5 26. Nxa5 Bxc5 27. bxc5 Qxa3
28. Nb7 Rdc8 29. Qxd4 Nb8 30. Ra1 Nc6 31. Rxa3 Nxd4 32. Rxa8 Rxa8 33. Kg2 Rc8
34. Rc1 Rc7 35. Nd6 Nb3 36. Rc4 Nxc5 37. Nb5 Rc8 38. f4 Kh7 39. Bf2 1-0

[Event "17. Obert Int. Sant Marti 2015"]
[Site "Barcelona ESP"]
[Date "2015.07.17"]
[Round "5.72"]
[White "Drvar, Izidor"]
[Black "Perez Garcia, Adria"]
[Result "0-1"]
[WhiteElo "1900"]
[BlackElo "1644"]
[PlyCount "150"]
[EventDate "2015.07.13"]
[EventType "swiss"]
[EventRounds "9"]
[EventCountry "ESP"]
[SourceTitle "Ajedrez en Madrid"]
[Source "lmi"]
[SourceDate "2013.07.13"]
[SourceVersion "1"]
[SourceVersionDate "2019.06.24"]
[SourceQuality "1"]

1. d4 d5 2. c4 c6 3. Bf4 Nf6 4. h3 e6 5. Nf3 Nbd7 6. e3 Qa5+ 7. Nbd2 Ne4 8. a3
Nxd2 9. Nxd2 dxc4 10. Bxc4 Nf6 11. b4 Qd8 12. O-O Bd6 13. Qf3 O-O 14. Bg5 Be7
15. Rfd1 Bd7 16. Nb3 Nd5 17. Bxe7 Qxe7 18. e4 Nb6 19. Bd3 Na4 20. Rd2 b6 21.
Rad1 Rac8 22. Bb1 Rfd8 23. Qg3 Be8 24. f4 c5 25. bxc5 bxc5 26. d5 exd5 27. Rxd5
Bc6 28. Rxd8+ Rxd8 29. Rxd8+ Qxd8 30. Qd3 Qxd3 31. Bxd3 Nb2 32. Bc2 Ba4 33. Kf2
Nc4 34. Na1 Bc6 35. a4 Na3 36. a5 Nxc2 37. Nxc2 Bxe4 38. Na3 Bc6 39. g3 f6 40.
Ke2 Kf7 41. Kd3 Ke6 42. Kc4 Kd6 43. Nb1 Bg2 44. h4 Bf1+ 45. Kc3 Kc6 46. Nd2 Bg2
47. Nc4 Bd5 48. Na3 Be6 49. Kd3 g6 50. Kc3 Bg8 51. Kd3 Bd5 52. Kc3 a6 53. Kd3
Bg2 54. Ke3 Bf1 55. Ke4 Kd6 56. Nc2 f5+ 57. Ke3 Kd5 58. Na3 c4 59. Nb1 Kc5 60.
Nd2 Bg2 61. h5 c3 62. Nb3+ Kb4 63. Nc1 Be4 64. Kd4 c2 65. hxg6 hxg6 66. g4 Kxa5
67. gxf5 gxf5 68. Kc5 Ka4 69. Kc4 Ka3 70. Kc3 a5 71. Nb3 Ka2 72. Nc1+ Kb1 73.
Kd2 a4 74. Ne2 Kb2 75. Nc1 a3 0-1